| 000 | 00329nam a22001337a 4500 | ||
|---|---|---|---|
| 008 | 170926b xxu||||| |||| 00| 0 eng d | ||
| 020 | _a9780827358805 | ||
| 041 | _aeng | ||
| 080 |
_25 ED _a37 |
||
| 100 | _a46 | ||
| 101 | _aEDU | ||
| 245 |
_aEARLY CHILDHOOD EXPERIENCES IN LANGUAGE ARTS _cMACHADO.J.M |
||
| 942 |
_2udc _cBK |
||
| 999 |
_c29977 _d29977 |
||